My name is Khan / (Record no. 55725)
[ view plain ]
| 000 -LEADER | |
|---|---|
| fixed length control field | 04100nam a22005537a 4500 |
| 001 - CONTROL NUMBER | |
| control field | DVD-007531-539 |
| 005 - DATE AND TIME OF LATEST TRANSACTION | |
| control field | 20110819151040.0 |
| 006 - FIXED-LENGTH DATA ELEMENTS--ADDITIONAL MATERIAL CHARACTERISTICS--GENERAL INFORMATION | |
| fixed length control field | a|||||r|||||00| 0 |
| 007 - PHYSICAL DESCRIPTION FIXED FIELD--GENERAL INFORMATION | |
| fixed length control field | vc cvaizu |
| 008 - FIXED-LENGTH DATA ELEMENTS--GENERAL INFORMATION | |
| fixed length control field | 100929s2010 ii 150 g 00| 0 hin |
| 010 ## - LIBRARY OF CONGRESS CONTROL NUMBER | |
| LC control number | DVD-007531-539 |
| 024 ## - OTHER STANDARD IDENTIFIER | |
| Standard number or code | 8903539010019 |
| Terms of availability | 399.00 |
| 028 ## - PUBLISHER NUMBER | |
| Source | Reliance Big Entertainment |
| 040 ## - CATALOGING SOURCE | |
| Original cataloging agency | DLC |
| Transcribing agency | DLC |
| Modifying agency | DLC |
| Description conventions | amim |
| 082 ## - DEWEY DECIMAL CLASSIFICATION NUMBER | |
| Classification number | DVD MYNA |
| 245 00 - TITLE STATEMENT | |
| Title | My name is Khan / |
| Statement of responsibility, etc | Fox Star Studios & Fox Searchlight Pictures presents a Dharma Productions & Red Chillies Entertainment Production ; produced by Hiroo Yash Johar & Gauri Khan ; directed by Karan Johar. |
| 257 ## - COUNTRY OF PRODUCING ENTITY FOR ARCHIVAL FILMS | |
| Country of producing entity | India. |
| 260 ## - PUBLICATION, DISTRIBUTION, ETC. (IMPRINT) | |
| Place of publication, distribution, etc | Mumbai : |
| Name of publisher, distributor, etc | Reliance Big Home Video, |
| Date of publication, distribution, etc | c2010. |
| 300 ## - PHYSICAL DESCRIPTION | |
| Extent | 2 videodiscs of 2 (DVD) (ca. 150 min.) : |
| Other physical details | sd., col. ; |
| Dimensions | 4 3/4 in. |
| Materials specified | viewing copy. |
| 306 ## - PLAYING TIME | |
| Playing time | 150 min |
| 500 ## - GENERAL NOTE | |
| General note | Copyright notice on container: Dharma Productions Pvt. Ltd. & Red Chillies Entertainment. |
| 500 ## - GENERAL NOTE | |
| General note | Originally released theatrically in 2010. |
| 500 ## - GENERAL NOTE | |
| General note | Summary taken from container. |
| 505 0# - FORMATTED CONTENTS NOTE | |
| Formatted contents note | disc 1. Movie -- disc 2. Special features. |
| 508 ## - CREATION/PRODUCTION CREDITS NOTE | |
| Creation/production credits note | Stody & screenplay Shibani Bathija; lyrics, Niranjan Iyengar; music, Shankar Ehsaan Loy. |
| 511 1# - PARTICIPANT OR PERFORMER NOTE | |
| Participant or performer note | Shah Rukh Khan, Kajol. |
| 520 ## - SUMMARY, ETC. | |
| Summary, etc | Rizvan Khan, a Muslim from India, moves to San Francisco and lives with his brother and sister-in-law. Rizvan, who has Aspergers, fall in love with Mandira. Despite protests from his family they get marries and start a small business together. They are happy until September 11, 2001 when attitudes towards Muslims undergo a sea-change. When tragedy strikes, Mandira is devastated and they split. Rizvan is very confused and very upset that the love of his life has left him. To win her back, he embarks on a touching and inspiring journey across America. |
| 538 ## - SYSTEM DETAILS NOTE | |
| System details note | Dolby digital, PAL, 16.9, Genre Drama, Subtitle in English |
| 546 ## - LANGUAGE NOTE | |
| Language note | In Hindi with English subtitles. |
| 650 #0 - SUBJECT ADDED ENTRY--TOPICAL TERM | |
| Topical term or geographic name as entry element | Muslims |
| Geographic subdivision | America |
| General subdivision | Attitude |
| Form subdivision | Drama. |
| 9 (RLIN) | 33227 |
| 650 #0 - SUBJECT ADDED ENTRY--TOPICAL TERM | |
| Topical term or geographic name as entry element | Motion Picture |
| 9 (RLIN) | 33228 |
| 655 #0 - INDEX TERM--GENRE/FORM | |
| Genre/form data or focus term | Feature films. |
| -- | 33229 |
| 700 1# - ADDED ENTRY--PERSONAL NAME | |
| Personal name | Johar, Karan, |
| Dates associated with a name | 1972- |
| Relator term | direction. |
| 9 (RLIN) | 33230 |
| 700 1# - ADDED ENTRY--PERSONAL NAME | |
| Personal name | Johar, Hiroo Yash, |
| Relator term | production. |
| 9 (RLIN) | 33231 |
| 710 2# - ADDED ENTRY--CORPORATE NAME | |
| Corporate name or jurisdiction name as entry element | Dharma Productions. |
| 9 (RLIN) | 33232 |
| 710 2# - ADDED ENTRY--CORPORATE NAME | |
| Corporate name or jurisdiction name as entry element | Red Chillies Entertainment (Firm) |
| 9 (RLIN) | 33233 |
| 942 ## - ADDED ENTRY ELEMENTS (KOHA) | |
| Source of classification or shelving scheme | Dewey Decimal Classification |
| Item type | CD-ROMs, DVDs, VHS |
| Classification part | DVD |
| Call number suffix | MYNA |
| Withdrawn status | Lost status | Source of classification or shelving scheme | Damaged status | Not for loan | Collection code | Home library | Current library | Date acquired | Source of acquisition | Cost, normal purchase price | Total Checkouts | Full call number | Barcode | Date last seen | Date last borrowed | Copy number | Cost, replacement price | Price effective from | Koha item type | Total Renewals |
|---|---|---|---|---|---|---|---|---|---|---|---|---|---|---|---|---|---|---|---|---|
| Dewey Decimal Classification | Fiction | Central Library | Central Library | 19/08/2011 | pioneer/1226/28.3.11 | 399.00 | 6 | DVD MYNA | DVD-007531 | 01/03/2014 | 28/02/2014 | 1 | 399.00 | 19/08/2011 | CD-ROMs, DVDs, VHS | |||||
| Dewey Decimal Classification | Fiction | Janak Puri | Janak Puri | 19/08/2011 | pioneer/1226/28.3.11 | 399.00 | 7 | DVD MYNA | DVD-007533 | 01/05/2013 | 05/04/2013 | 1 | 399.00 | 19/08/2011 | CD-ROMs, DVDs, VHS | 1 | ||||
| Dewey Decimal Classification | Fiction | Karol Bagh | Karol Bagh | 19/08/2011 | pioneer/1226/28.3.11 | 399.00 | 4 | DVD MYNA | DVD-007537 | 21/11/2012 | 10/11/2012 | 1 | 399.00 | 19/08/2011 | CD-ROMs, DVDs, VHS | |||||
| Dewey Decimal Classification | Fiction | Narela | Narela | 19/08/2011 | pioneer/1226/28.3.11 | 399.00 | 3 | DVD MYNA | DVD-007538 | 12/11/2012 | 30/10/2012 | 1 | 399.00 | 19/08/2011 | CD-ROMs, DVDs, VHS | |||||
| Dewey Decimal Classification | Fiction | Patel Nagar | Patel Nagar | 19/08/2011 | pioneer/1226/28.3.11 | 399.00 | 4 | DVD MYNA | DVD-007532 | 23/07/2015 | 19/08/2014 | 1 | 399.00 | 19/08/2011 | CD-ROMs, DVDs, VHS | |||||
| Dewey Decimal Classification | Fiction | R.K.Puram-8 | R.K.Puram-8 | 19/08/2011 | pioneer/1226/28.3.11 | 399.00 | 6 | DVD MYNA | DVD-007535 | 24/09/2013 | 07/09/2013 | 1 | 399.00 | 19/08/2011 | CD-ROMs, DVDs, VHS | |||||
| Dewey Decimal Classification | Fiction | Sarojini Nagar | Sarojini Nagar | 19/08/2011 | pioneer/1226/28.3.11 | 399.00 | 16 | DVD MYNA | DVD-007534 | 09/01/2015 | 29/12/2014 | 1 | 399.00 | 19/08/2011 | CD-ROMs, DVDs, VHS | 1 | ||||
| Dewey Decimal Classification | Fiction | Shahdara Branch | Shahdara Branch | 19/08/2011 | pioneer/1226/28.3.11 | 399.00 | DVD MYNA | DVD-007539 | 19/08/2011 | 1 | 399.00 | 19/08/2011 | CD-ROMs, DVDs, VHS | |||||||
| Dewey Decimal Classification | Fiction | Vinoba Puri | Vinoba Puri | 19/08/2011 | pioneer/1226/28.3.11 | 399.00 | 7 | DVD MYNA | DVD-007536 | 10/05/2014 | 03/05/2014 | 1 | 399.00 | 19/08/2011 | CD-ROMs, DVDs, VHS |
